<?xml version="1.0" encoding="UTF-8"?>
<record
    xmlns:xsi="http://www.w3.org/2001/XMLSchema-instance"
    xsi:schemaLocation="http://www.loc.gov/MARC21/slim http://www.loc.gov/standards/marcxml/schema/MARC21slim.xsd"
    xmlns="http://www.loc.gov/MARC21/slim">

  <leader>04100nam a2200385 a 4500</leader>
  <controlfield tag="001">ebr10545715</controlfield>
  <controlfield tag="003">CaPaEBR</controlfield>
  <controlfield tag="006">m        u        </controlfield>
  <controlfield tag="007">cr cn|||||||||</controlfield>
  <controlfield tag="008">101025s2011    vaua    sb    001 0 eng d</controlfield>
  <datafield tag="010" ind1=" " ind2=" ">
    <subfield code="z">  2010044688</subfield>
  </datafield>
  <datafield tag="020" ind1=" " ind2=" ">
    <subfield code="z">9781579224301 (cloth : alk. paper)</subfield>
  </datafield>
  <datafield tag="020" ind1=" " ind2=" ">
    <subfield code="z">9781579224318 (pbk. : alk. paper)</subfield>
  </datafield>
  <datafield tag="020" ind1=" " ind2=" ">
    <subfield code="z">9781579225995 (e-book)</subfield>
  </datafield>
  <datafield tag="040" ind1=" " ind2=" ">
    <subfield code="a">CaPaEBR</subfield>
    <subfield code="c">CaPaEBR</subfield>
  </datafield>
  <datafield tag="035" ind1=" " ind2=" ">
    <subfield code="a">(OCoLC)779849911</subfield>
  </datafield>
  <datafield tag="043" ind1=" " ind2=" ">
    <subfield code="a">n-us---</subfield>
  </datafield>
  <datafield tag="050" ind1="1" ind2="4">
    <subfield code="a">LC220.5</subfield>
    <subfield code="b">.D46 2011eb</subfield>
  </datafield>
  <datafield tag="082" ind1="0" ind2="4">
    <subfield code="a">378.1/03</subfield>
    <subfield code="2">22</subfield>
  </datafield>
  <datafield tag="245" ind1="0" ind2="0">
    <subfield code="a">Democratic dilemmas of teaching service-learning</subfield>
    <subfield code="h">[electronic resource] :</subfield>
    <subfield code="b">curricular strategies for success /</subfield>
    <subfield code="c">edited by Christine M. Cress, David M. Donahue, and associates ; foreword by Thomas Ehrlich.</subfield>
  </datafield>
  <datafield tag="250" ind1=" " ind2=" ">
    <subfield code="a">1st ed.</subfield>
  </datafield>
  <datafield tag="260" ind1=" " ind2=" ">
    <subfield code="a">Sterling, Va. :</subfield>
    <subfield code="b">Stylus Pub.,</subfield>
    <subfield code="c">2011.</subfield>
  </datafield>
  <datafield tag="300" ind1=" " ind2=" ">
    <subfield code="a">xvi, 202 p. :</subfield>
    <subfield code="b">ill.</subfield>
  </datafield>
  <datafield tag="504" ind1=" " ind2=" ">
    <subfield code="a">Includes bibliographical references and index.</subfield>
  </datafield>
  <datafield tag="505" ind1="0" ind2=" ">
    <subfield code="a">The nature of teaching and learning dilemmas: democracy in the making / David M. Donahue -- Banning books to protect children: clashing perspectives in service-learning / Lynne A. Bercaw -- Solidarity, not charity: issues of privilege in service-learning / Caroline Heldman -- Pedagogical and epistemological approaches to service-learning: connecting academic content to community service / Christine M. Cress -- Student objection to service-learning: a teachable moment about political and community engagement / Dari E. Sylvester -- Practice makes imperfect: service-learning for political engagement as a window into the challenges of political organizing / Katja M. Guenther -- Modeling citizenship: the nexus of knowledge and skill / Stephanie Stokamer -- Consensus, collaboration, and community: mutually exclusive ideals? / Christine M. Cress -- Cultivating relationships between a grass roots organization and a university / Judith Liu -- Negotiating student expectations and interpretations of service-learning / Marcia Hernandez -- Service-learning is like learning to walk: baby steps to cultural competence / Tanya Renner ... [et al.] -- Conflict as a constructive curricular strategy / David M. Donahue -- Why are you so mad?: critical multiculturalist pedagogies and mediating racial conflicts in community-based learning / Kathleen S. Yep -- Working with high school drop-outs: service-learning illustrations of power and privilege / Becky Boesch -- Democratic lessons in faith, service, and sexuality / Thomas J. Van Cleave -- Disciplinary knowledge, service-learning, and citizenship / David M. Donahue -- Why should i care?: introducing service-learning and political engagement to computer science students / Christopher Brooks -- Political science students and the disengaged polis: civic education and its discontents / Corey Cook -- Health psychology and political engagement: the why and how / Sandra A. Sgoutas-Emch -- To reform or to empower: Asian American studies and education for critical consciousness / Kathleen S. Yep -- Assessment of expected and unexpected service-learning outcomes / Christine M. Cress -- Expecting the political, getting the interview: how students (do not) see writing as a political act / Catherine Gabor -- Addressing policy dilemmas with community-based research and assessing student outcomes / Laura Nichols, Fernando C&#xFFFD;azares &amp; Angelica Rodriguez -- Service-learning for a democratic future / David M. Donahue and Christine M. Cress.</subfield>
  </datafield>
  <datafield tag="533" ind1=" " ind2=" ">
    <subfield code="a">Electronic reproduction.</subfield>
    <subfield code="b">Palo Alto, Calif. :</subfield>
    <subfield code="c">ebrary,</subfield>
    <subfield code="d">2011.</subfield>
    <subfield code="n">Available via World Wide Web.</subfield>
    <subfield code="n">Access may be limited to ebrary affiliated libraries.</subfield>
  </datafield>
  <datafield tag="650" ind1=" " ind2="0">
    <subfield code="a">Service learning</subfield>
    <subfield code="x">Study and teaching (Higher)</subfield>
    <subfield code="z">United States.</subfield>
  </datafield>
  <datafield tag="650" ind1=" " ind2="0">
    <subfield code="a">Democracy and education</subfield>
    <subfield code="z">United States.</subfield>
  </datafield>
  <datafield tag="650" ind1=" " ind2="0">
    <subfield code="a">Critical pedagogy</subfield>
    <subfield code="z">United States.</subfield>
  </datafield>
  <datafield tag="655" ind1=" " ind2="7">
    <subfield code="a">Electronic books.</subfield>
    <subfield code="2">local</subfield>
  </datafield>
  <datafield tag="700" ind1="1" ind2=" ">
    <subfield code="a">Cress, Christine M.</subfield>
    <subfield code="q">(Christine Marie),</subfield>
    <subfield code="d">1962-</subfield>
  </datafield>
  <datafield tag="700" ind1="1" ind2=" ">
    <subfield code="a">Donahue, David M.</subfield>
  </datafield>
  <datafield tag="710" ind1="2" ind2=" ">
    <subfield code="a">ebrary, Inc.</subfield>
  </datafield>
  <datafield tag="856" ind1="4" ind2="0">
    <subfield code="u">http://site.ebrary.com/lib/rucke/Doc?id=10545715</subfield>
    <subfield code="z">An electronic book accessible through the World Wide Web; click to view</subfield>
  </datafield>
  <datafield tag="999" ind1=" " ind2=" ">
    <subfield code="c">137852</subfield>
    <subfield code="d">137852</subfield>
  </datafield>
</record>
